000 00266nam a22001217a 4500
003 SGT
082 _a004.22,HWA
100 _aHWANG KAI
245 _aADVANCED COMPUTER ARCHITECTURE
260 _aNEW DELHI
_bTATA MC GRAW HILL
_c2012
300 _a723
942 _2ddc
_cBK
999 _c32603
_d32603